Central Library OPAC University of Rajshahi

What is atomic energy? / (Record no. 68770)

MARC details
000 -LEADER
fixed length control field 00812nam a2200265 a 4500
001 - CONTROL NUMBER
control field 68770
003 - CONTROL NUMBER IDENTIFIER
rucl marc code BD-RjUL
005 - DATE AND TIME OF LATEST TRANSACTION
control field 20211209081816.0
008 - FIXED-LENGTH DATA ELEMENTS--GENERAL INFORMATION
fixed length control field 170405s1946 enka b 001 0 eng d
035 ## - SYSTEM CONTROL NUMBER
System control number (BD-RjUL)68981
040 ## - CATALOGING SOURCE
Original cataloging agency DRB
Transcribing agency DRB
Modifying agency HDC
-- PLF
-- OCL
-- EQO
-- BD-RjUL
Language of cataloging eng
041 ## - LANGUAGE CODE
Language code of text/sound track or separate title eng
082 ## - DEWEY DECIMAL CLASSIFICATION NUMBER
Edition number 23
Classification number 539.7
Author mark and year MEW 1946
100 1# - MAIN ENTRY--PERSONAL NAME
Personal name Mendelssohn, K.
Fuller form of name (Kurt),
Dates associated with a name 1906-1980
9 (RLIN) 203805
245 10 - TITLE STATEMENT
Title What is atomic energy? /
Statement of responsibility, etc. K. Mendelssohn.
260 ## - PUBLICATION, DISTRIBUTION, ETC. (IMPRINT)
Place of publication, distribution, etc. London :
Name of publisher, distributor, etc. Sigma,
Date of publication, distribution, etc. 1946
300 ## - PHYSICAL DESCRIPTION
Pagination 180 p. :
Illustrations ill. ;
Size 19 cm.
490 1# - SERIES STATEMENT
Series statement Sigma introduction to science,
Volume/sequential designation 3
500 ## - GENERAL NOTE
General note Errata slip inserted.
650 #0 - SUBJECT ADDED ENTRY--TOPICAL TERM
Topical term or geographic name as entry element Nuclear Structure
9 (RLIN) 148157
Topical term or geographic name as entry element Nuclear energy.
9 (RLIN) 203806
Topical term or geographic name as entry element Nuclear physics.
9 (RLIN) 203807
830 #0 - SERIES ADDED ENTRY--UNIFORM TITLE
Uniform title Sigma introduction to science,
Volume number/sequential designation 3
942 ## - ADDED ENTRY ELEMENTS (KOHA)
Source of classification or shelving scheme Dewey Decimal Classification
Koha item type Books
Holdings
Lost status Source of classification or shelving scheme Damaged status Not for loan Collection code Permanent Location Current Location Shelving location Date acquired Source of acquisition Cost, normal purchase price Total Checkouts Full call number Date last seen Copy number Koha item type
  Dewey Decimal Classification   Not For Loan Non-fiction Central Library, University of Rajshahi Central Library, University of Rajshahi Reading Room 08/06/1995 Allies Book com 3.60   539.7 MEW 1946 05/04/2017 C-1 Books